Rol social y sistema de imputacin̤ una aproximacin̤ sociolg̤ica a la funcin̤ del derecho penal /

Detalles Bibliográficos
Autor principal: Pią Rochefort, Juan Ignacio
Otros Autores: Silva Sǹchez, Jess︢ Mara̕ (prol)
Formato: Desconocido
Lenguaje:español
Publicado: Barcelona : BOSCH EDITOR, 2005
Materias:
Acceso en línea:Acceso restringido

MARC

LEADER 00000ny a22000003n 4500
005 2011062007467.0
006 m u
007 cr cn|||||||||
008 200805r20052008sp |||||s|||||||||||spa d
020 |a 9788476987063 
035 |a 665 
040 |a FlNmELB  |c FlNmELB  |d vlex 
050 1 4 |a K5015.4  |b P579 2005eb 
080 |a 343.2/.7:316.663 
090 |c 1353  |d 1353 
100 1 |a Pią Rochefort, Juan Ignacio 
245 1 0 |a Rol social y sistema de imputacin̤  |h [Recurso electrn̤ico]  |b una aproximacin̤ sociolg̤ica a la funcin̤ del derecho penal /  |c Juan Ignacio Pią Rochefort; prologuista, Jess︢ Mara̕ Silva Sǹchez 
256 |a Servicio en ln̕ea 
260 |a Barcelona :  |b BOSCH EDITOR,  |c 2005 
300 |a 11-464 p 
506 1 |a Contenido solo disponible en los productos indicados  |d vLex Global  |d vLex Global (Academic Edition, excluding Law Schools)  |d vLex Global (U.S. Academic Edition, Law Schools)  |d vLex Global (U.S. Academic Edition, excluding Law Schools)  |d vLex Global (Academic Edition, Law Schools) 
650 0 7 |a Penal  |2 Tesauro vLex 
650 0 7 |a Imputado  |2 Tesauro vLex 
650 0 7 |a Imputacin̤ objetiva del hecho  |2 Tesauro vLex 
650 0 7 |a Principios penales  |2 Tesauro vLex 
700 1 |a Silva Sǹchez, Jess︢ Mara̕,   |e prol 
740 0 |a vLex Libros (Servicios en ln̕ea) 
856 4 0 |z Acceso restringido  |u http://vlex.com/source/rol-social-sistema-imputacion-665 
942 |c BOOK